LEADER 04478nam 2200661 a 450 001 9910141272903321 005 20170814165520.0 010 $a1-280-67362-1 010 $a9786613650559 010 $a1-118-40606-0 010 $a1-118-40607-9 035 $a(CKB)2670000000175180 035 $a(EBL)892199 035 $a(OCoLC)787843182 035 $a(SSID)ssj0000632635 035 $a(PQKBManifestationID)11420560 035 $a(PQKBTitleCode)TC0000632635 035 $a(PQKBWorkID)10610504 035 $a(PQKB)10120887 035 $a(MiAaPQ)EBC892199 035 $a(EXLCZ)992670000000175180 100 $a20040407d2003 uy 0 101 0 $aeng 135 $aur|n|---||||| 181 $ctxt 182 $cc 183 $acr 200 10$aBioceramics$b[electronic resource] $ematerials and applications IV : proceedings of the Bioceramics : Materials and Applications : a symposium to honor Larry Hench, held at the 105th annual meeting of the American Ceramic Society, April 27-30, 2003, in Nashville, Tennessee /$fedited by Veeraraghavan Sundar, Richard P. Rusin, Calire A. Rutiser 210 $aWesterville, Ohio $cAmerican Ceramic Society$dc2003 215 $a1 online resource (182 p.) 225 1 $aCeramic transactions,$x1042-1122 ;$vv. 147 225 0 $aBioceramics : materials and applications ;$v4 300 $aDescription based upon print version of record. 311 $a1-57498-202-8 320 $aIncludes bibliographic references and index. 327 $aBioceramics: Materials and Applications IV; Contents; Preface; Sosman Lecture; The Role of Ceramics in an Age of Biology; Processing and Characterization of Phosphate Bioceramics; A Review of Bone Substitutes in Bone Remodeling: Influence of Materials Chemistry and Porosity; Manufacturing of Thermally Sprayed Tricalcium Phosphate Coatings for Biomedical Applications; Hydrothermal Deposition of Hydroxyapatite Coatings on Glass and Ceramics; Porous Hydroxyapatite Containing Silicon Derived from Natural Coral; Electrochemical Deposition and Patterning of Calcium Phosphate Bioceramic Coating 327 $aOxide Based Sintering Additives for HAp CeramicsSynthesis, Characterization and Sintering Behavior of Calcium Hydroxyapatite Powders with Average Particle Diameters of I50nm; Microstructure of Hydroxyapatite Thick Film; Molecularly Dispersed Hydroxyapatite Polymer Nanocomposites; Interactions between Ceramics and Biological Environments; Effects of Organic Molecules In Kokubo's Simulated Body Fluid on Apatite Formation on Bioactive Glass and Titanium Substrates; Hydroxy-Carbonate Apatite Synthesis, Blood Compatibility and Adsorption of Specific Pathogenic Proteins 327 $aIn Vitro Stability Predictions of Osteoblast Interaction with Hydroxyapatite and ?- Tricalcium PhosphateTwo and 10 Year Retrievals of Zirconia Femoral Heads: XRD, SEM and Raman Sprctroscopy Studies; Phase Transformation and Residual Stresses In Retrieved Zirconia Hip Implants - A Raman Microprobe Spectroscopy Study; BioLubrication Phenomena (Protiens) May Control the Wear Perfromance of Zirconia Hip Joints; Index 330 $aThe content from these proceedings comes from a symposium honoring Larry Hench, a pioneer in the field of bioceramics. Prof. Hench has condensed his Sosman Lecture into the keynote paper of this volume. In addition, this proceedings draws together research in the different aspects of bioceramics and illustrates its unifying themes. Apatites and active bone substitute materials are well represented, with extended analyses of processing effects and variations in making these materials more functional. Included in this volume are a series of papers on interactions between ceramics and biological 410 0$aCeramic transactions ;$vv. 147. 606 $aCeramics in medicine$vCongresses 608 $aElectronic books. 615 0$aCeramics in medicine 676 $a610.28 676 $a610/.28 701 $aHench$b L. L$0881261 701 $aSundar$b Veeraraghavan$0881262 701 $aRusin$b Richard P$0881263 701 $aRutiser$b Claire A$0881264 712 02$aAmerican Ceramic Society.$bMeeting$d(105th :$f2003 :$eNashville, Tenn.) 712 12$aBioceramics: Materials and Applications Symposium$f(2003 :$eNashville, Tenn.) 801 0$bMiAaPQ 801 1$bMiAaPQ 801 2$bMiAaPQ 906 $aBOOK 912 $a9910141272903321 996 $aBioceramics$91968195 997 $aUNINA LEADER 00926nam a22002533i 4500 001 991001243879707536 005 20031027110801.0 008 040407s1966 it a||||||||||||||||ita 035 $ab12740780-39ule_inst 035 $aARCHE-072042$9ExL 040 $aDip.to Scienze Storiche$bita$cA.t.i. Arché s.c.r.l. Pandora Sicilia s.r.l. 082 04$a736 100 1 $aCarrà, Massimo$038383 245 14$aGli avori in occidente /$ctesto di Massimo Carrà 260 $aMilano :$bFabbri,$cc1966 300 $a157 p. :$bill. ;$c20 cm 440 0$aÉlite.$pLe arti e gli stili in ogni tempo e paese 650 4$aAvori 907 $a.b12740780$b02-04-14$c16-04-04 912 $a991001243879707536 945 $aLE009 LA Coll. 1/7$g1$i2009000250154$lle009$o-$pE0.00$q-$rn$so $t0$u0$v0$w0$x0$y.i13276906$z16-04-04 996 $aAvori in occidente$9269167 997 $aUNISALENTO 998 $ale009$b16-04-04$cm$da $e-$fita$git $h4$i1 LEADER 02002oam 2200493M 450 001 9910715735203321 005 20191123063210.6 035 $a(CKB)5470000002514724 035 $a(OCoLC)1065797699 035 $a(OCoLC)995470000002514724 035 $a(EXLCZ)995470000002514724 100 $a20070221d1853 ua 0 101 0 $aeng 135 $aurcn||||||||| 181 $ctxt$2rdacontent 182 $cc$2rdamedia 183 $acr$2rdacarrier 200 10$aSeminole Indians. Message from the President of the United States, in reference to the Indians remaining in Florida. January 19, 1853. -- Referred to the Committee on Military Affairs, and ordered to be printed 210 1$a[Washington, D.C.] :$c[publisher not identified],$d1853. 215 $a1 online resource (8 pages) 225 1 $aEx. doc. / 32nd Congress, 2nd session. House ;$vno. 19 225 1 $a[United States congressional serial set ] ;$v[serial no. 676] 300 $aBatch processed record: Metadata reviewed, not verified. Some fields updated by batch processes. 300 $aFDLP item number not assigned. 606 $aPillage 606 $aIndian Removal, 1813-1903 606 $aIndian Removal, 1813-1903, in art 606 $aIndians$vTreaties 608 $aLegislative materials.$2lcgft 615 0$aPillage. 615 0$aIndian Removal, 1813-1903. 615 0$aIndian Removal, 1813-1903, in art. 615 0$aIndians 701 $aFillmore$b Millard$f1800-1874.$01391306 712 02$aUnited States.$bPresident (1850-1853 : Fillmore) 712 02$aUnited States.$bDepartment of the Interior. 801 0$bWYU 801 1$bWYU 801 2$bOCLCO 801 2$bOCLCQ 906 $aBOOK 912 $a9910715735203321 996 $aSeminole Indians. Message from the President of the United States, in reference to the Indians remaining in Florida. January 19, 1853. -- Referred to the Committee on Military Affairs, and ordered to be printed$93516579 997 $aUNINA